Państwa świata bez litery A - Statystyki

Ogólne statystyki
  • Ten quiz został rozwiązany 1 567 razy
    1 553 od ostatniego zresetowania
  • Średni wynik to 21 z 31
Statystyki odpowiedzi
Państwa % Poprawnych
Chiny
89%
Czechy
82%
Niemcy
82%
Chile
81%
Włochy
77%
Egipt
76%
Meksyk
76%
Peru
76%
Indie
74%
Jemen
72%
Cypr
71%
Kosowo
70%
Luksemburg
69%
Fidżi
67%
Liechtenstein
67%
Belize
66%
Węgry
66%
Niger
65%
Togo
64%
Kongo
63%
Filipiny
60%
Benin
59%
Dżibuti
59%
Kuwejt
59%
Lesotho
58%
Brunei
57%
Burundi
56%
Seszele
54%
Komory
49%
Timor Wschodni
47%
Wybrzeże Kości Słoniowej
47%
Nie znaleziono quizów pasujących do podanych kryteriów
Rozkład punktacji
Procent ludzi z każdym wynikiem
Percentyl według liczby udzielonych odpowiedzi
Twoja historia wyników
Nie rozwiązałeś tego quizu od ostatniego zresetowania